[Event "EU-ch U12 24th"]
[Site "Batumi"]
[Date "2014.10.24"]
[Round "6"]
[White "Vassilev, Martin"]
[Black "Sahakyan, Karen Art"]
[Result "0-1"]
[WhiteElo "1998"]
[BlackElo "1838"]
[PlyCount "54"]
[EventDate "2014.10.19"]
[EventType "swiss"]
[EventRounds "9"]
[EventCountry "GEO"]
[SourceTitle "EXT 2016"]
[Source "ChessBase"]
[SourceDate "2015.10.08"]
[SourceVersion "1"]
[SourceVersionDate "2015.10.08"]
[SourceQuality "1"]

1. d4 Nf6 2. c4 e5 3. dxe5 Ng4 4. Nf3 Bc5 5. e3 Nc6 6. Nc3 0-0 7. Be2 Re8 8. 0-0 a5 9. b3 Ngxe5 10. Nd4 d6 11. Kh1 Qh4 12. Nf3 Nxf3 13. Bxf3 Ne5 14. Nd5 Bg4 15. Nxc7 Bxf3 16. gxf3 Qh3 17. e4 Nxf3 18. Bf4 Rxe4 19. Rg1 Rxf4 20. Rg2 Rh4 21. Qg1 Nxg1 22. Raxg1 Bd4 23. Re1 Be5 24. Nxa8 Rg4 25. Rg3 Rxg3 26. fxg3 Qf5 27. Kg2 Qc2+ 0-1